| 000 | 00373nam a2200157Ia 4500 | ||
|---|---|---|---|
| 008 | 221030s9999 xx 000 0 und d | ||
| 041 | _aEnglish | ||
| 082 |
_a105.23 _bCha |
||
| 100 | _aW. A. J Chapman | ||
| 245 | 0 | _aWorkshop Technology Part 1 in S.I units | |
| 250 | _a5th | ||
| 260 |
_bCBS Pub _aNew Delhi _c1976 |
||
| 300 | _a412 | ||
| 650 | _aMechanical | ||
| 942 | _cBK | ||
| 999 |
_c1533 _d1533 |
||